000 00500nam a2200157 i 4500
001 42107
003 ES-MaACL
005 20230906160541.0
007 t|
008 030312s1978 sp ||||1| spa d
100 1 _aCastellet Solanas, Manuel.
_936546
245 1 4 _aUna contribución al estudio de las teorías de cohomología generalizadas /
_cManuel Castellet Solanas.
260 _aMadrid :
_bFundación Juan March,
_c[1978]
300 _a40 p. ;
_c21 cm.
852 _aES-MaACL
_j2105-F-11
_bR.97892
999 _c42107
_d42107